Central Library OPAC University of Rajshahi

Nuclear radiation measurement / (Record no. 68586)

MARC details
000 -LEADER
fixed length control field 00805nam a2200265 a 4500
001 - CONTROL NUMBER
control field 68586
003 - CONTROL NUMBER IDENTIFIER
rucl marc code BD-RjUL
005 - DATE AND TIME OF LATEST TRANSACTION
control field 20211209081805.0
008 - FIXED-LENGTH DATA ELEMENTS--GENERAL INFORMATION
fixed length control field 170403s1960 enka b 001 0 eng d
035 ## - SYSTEM CONTROL NUMBER
System control number (BD-RjUL)68796
040 ## - CATALOGING SOURCE
Original cataloging agency DLC
Transcribing agency GAT
Modifying agency Uk
-- BD-RjUL
Language of cataloging eng
041 ## - LANGUAGE CODE
Language code of text/sound track or separate title eng
082 ## - DEWEY DECIMAL CLASSIFICATION NUMBER
Edition number 23
Classification number 539.77
Author mark and year SHN 1960
100 1# - MAIN ENTRY--PERSONAL NAME
Personal name Sharpe, J.
9 (RLIN) 203291
245 10 - TITLE STATEMENT
Title Nuclear radiation measurement /
Statement of responsibility, etc. J. Sharpe
260 ## - PUBLICATION, DISTRIBUTION, ETC. (IMPRINT)
Place of publication, distribution, etc. London :
Name of publisher, distributor, etc. Temple Press,
Date of publication, distribution, etc. 1960.
300 ## - PHYSICAL DESCRIPTION
Pagination 71 p. :
Illustrations ill. ;
Size 22 cm.
490 0# - SERIES STATEMENT
Series statement Nuclear engineering monographs
Volume/sequential designation v. 8
504 ## - BIBLIOGRAPHY, ETC. NOTE
Bibliography, etc Includes bibliography and Index.
650 #0 - SUBJECT ADDED ENTRY--TOPICAL TERM
Topical term or geographic name as entry element Nuclear counters.
9 (RLIN) 203292
Topical term or geographic name as entry element Radioactivity
General subdivision Measurement.
9 (RLIN) 159021
830 ## - SERIES ADDED ENTRY--UNIFORM TITLE
Uniform title Nuclear engineering monographs
Volume number/sequential designation v. 8
942 ## - ADDED ENTRY ELEMENTS (KOHA)
Source of classification or shelving scheme Dewey Decimal Classification
Koha item type Books
Holdings
Lost status Source of classification or shelving scheme Damaged status Not for loan Collection code Permanent Location Current Location Shelving location Date acquired Source of acquisition Cost, normal purchase price Total Checkouts Full call number Date last seen Copy number Koha item type
  Dewey Decimal Classification   Not For Loan Non-fiction Central Library, University of Rajshahi Central Library, University of Rajshahi Reading Room 09/12/2021 Zeithenger 15.00   539.77 SHN 1960 03/04/2017 C-1 Books